000 00647nam a2200265Ia 4500
005 20260121170445.0
008 008 260114s9999 xx 000 0 eng d
020 _a9783319756592
037 _aEBOOK
040 _aCRL
040 _beng
040 _cCRL
041 _2eng
041 _aeng
084 _qCRL
100 _aSpyridon Plakoudas
_91064110
245 0 _aInsurgency and Counter-Insurgency in Turkey
260 _bSpringer
260 _bSpringer
260 _c2018
856 _uhttps://link.springer.com/openurl?genre=book&isbn=978-3-319-75659-2
942 _cEBOOK
999 _c1629839
_d1629839